Top 5 Songs On Revolver (The Beatles) - Statistics

General Stats
  • This quiz has been taken 33 times
  • The average score is 4 of 5
Answer Stats
Hint Answer % Correct
212,338,066 Eleanor Rigby
97%
134,599,687 Yellow Submarine
86%
61,971,821 For No One
83%
59,057,463 Here, There And Everywhere
83%
53,318,396 I'm Only Sleeping
83%
No matching quizzes found
Score Distribution
Percent of People with Each Score
Percentile by Number Answered
Your Score History
You have not taken this quiz